CONCISE RADIOLOGY FOR UG STUDENTS (Record no. 955)

MARC details
000 -LEADER
fixed length control field 00286nam a2200121Ia 4500
082 ## - DEWEY DECIMAL CLASSIFICATION NUMBER
Classification number 616.075
Item number C06L
100 ## - MAIN ENTRY--PERSONAL NAME
Personal name LAKHKAR,BHUSHAN N
245 ## - TITLE STATEMENT
Title CONCISE RADIOLOGY FOR UG STUDENTS
250 ## - EDITION STATEMENT
Edition statement 1ST
260 ## - PUBLICATION, DISTRIBUTION, ETC. (IMPRINT)
Name of publisher, distributor, etc ARYA PUB.
Place of publication, distribution, etc DELHI
Year of Publication 2006
650 ## - SUBJECT ADDED ENTRY--TOPICAL TERM
Topical term or geographic name as entry element RADIOLOGY & DIAGNOSIS
942 ## - ADDED ENTRY ELEMENTS (KOHA)
Source of classification or shelving scheme Dewey Decimal Classification
Koha item type Books
Holdings
Withdrawn status Lost status Source of classification or shelving scheme Damaged status Not for loan Collection code Home library Current library Shelving location Date acquired Vendor Name Cost, normal purchase price SGTU Bill Number Total Checkouts Full call number Accession No. (Barcode) Date last seen Date last borrowed Bill Date Koha item type
    Dewey Decimal Classification     MEDICAL SGT Medical Library SGT Medical Library Text Book 27/02/2010 U.B.S. DELHI 250.00 SGTU 1008 4 616.075 C06L FM3824 07/10/2019 23/09/2019 27/02/2010 Books
Withdrawn Missing Dewey Decimal Classification     MEDICAL SGT Medical Library SGT Medical Library Text Book 27/02/2010 U.B.S. DELHI 250.00 SGTU 1008   616.075 C06L FM3825 09/02/2015   27/02/2010 Books